Process engineering economics
Shranjeno v:
| Glavni avtor: | |
|---|---|
| Format: | Knjiga |
| Jezik: | angleščina |
| Izdano: |
Nueva York
McGraw-Hill
1955
|
| Serija: | McGraw-Hill Series in Chemical Engineering
|
| Teme: | |
| Oznake: |
Označite
Brez oznak, prvi označite!
|
MARC
| LEADER | 00000nam a2200000 a 4500 | ||
|---|---|---|---|
| 001 | UCU7152 | ||
| 003 | CL-VaPUC | ||
| 008 | 960628e19550000US |||||||||||||||||eng|d | ||
| 082 | 0 | 4 | |a 660.284 |b SCH |2 21 |
| 100 | 0 | |a Schweyer, Herbert E |e author |9 365721 | |
| 245 | 1 | 0 | |a Process engineering economics |
| 300 | |a 409 p | ||
| 942 | |c BK | ||
| 945 | |d 19960628 00:00:00 |a lriquelm | ||
| 260 | |a Nueva York |b McGraw-Hill |c 1955 | ||
| 650 | 0 | |a Tecnología química |9 263002 | |
| 650 | 7 | |a INDUSTRIA QUIMICA |2 CL-VaPUC |9 365722 | |
| 650 | 0 | |a Procesos industriales |9 334036 | |
| 650 | 0 | |a Costos |9 261063 | |
| 650 | 0 | |a Economía |9 255568 | |
| 650 | 0 | |a Amortización |9 365723 | |
| 650 | 0 | |a Capital |9 263726 | |
| 583 | |a last modification |c 19960628 00:00:00 |k Rodrigo Vera | ||
| 490 | 0 | |a McGraw-Hill Series in Chemical Engineering | |
| 999 | |c 249842 |d 249840 | ||
| 952 | |0 0 |1 0 |4 0 |6 660_284000000000000_SCH_1955 |7 0 |8 A |9 267386 |a BIBING |b BIBING |d 2019-11-19 |i 1695274 |o 660.284 SCH 1955 |p 1695274 |r 2025-01-20 |w 2019-11-19 |y BK |k EIQ | ||